000 05896nam2a2200433 4500
001 RU\NLR\BIBL_A\012215627
005 20210519152443.0
010 _a978-5-93867-024-2
_9500
021 _aRU
_bКН-П-19-101602
_9КН-П-19-7476
035 _a(NLR Aleph) 012215627
035 _a(RuMoRGB)010214955
090 _a10905086
_c10905086
100 _a20200211d2019 k y0rusy50 ca
101 0 _arus
_aeng
102 _aRU
105 _ay|||z|||101zy
200 0 _aВып. 20
_fМинистерство культуры и внешних связей Оренбургской области, Государственное бюджетное образовательное учреждение высшего образования "Оренбургский государственный институт искусств им. Л. и М. Ростроповичей"
210 _d2019
215 _a602 с.
300 _aПарал загл. общ. части: Actual problems culture, art and art education
300 _aПодзаг. общ. части: сборник научных трудов ОГИИ
300 _aЧасть текста англ.
320 _aБиблиогр. в конце ст. и в подстроч. примеч.
320 _aАлф. указ.: с. 599-602
327 1 _aВ кн. также помещены материалы XXIX Рос. науч.-практ. конф. "Актуальные проблемы современного искусствознания: векторы развития культуры, искусства и художественного образования в России" (22-25 марта 2019 г.) и XXX Рос. науч.-практ. конф. "Актуальные проблемы современного искусствознания: музыка и театр" (25-28 октября 2019 г.) и др. конф., загл. которых указаны в содерж. и отображены в добовочных записях коллектив. авт.
461 0 _1001RU\NLR\bibl\1479046
_12001#$aАктуальные проблемы истории, теории и методики современного музыкального искусства и образования$eсборник научных трудов$fПравительство Оренбург. обл., Деп. по культуре и искусству Оренбург. обл., Гос. образоват. учреждение высш. проф. образования "Оренбург. гос. ин-т искусств им. Леопольда и Мстислава Ростроповичей"$g[гл. ред.: Б.П. Хавторин$gсост. и науч. ред.: В.А. Логинова]$vВып. 20
_91641794
_cОренбург
_d2008
_fПравительство Оренбург. обл., Деп. по культуре и искусству Оренбург. обл., Гос. образоват. учреждение высш. проф. образования "Оренбург. гос. ин-т искусств им. Леопольда и Мстислава Ростроповичей"
_nИзд-во ГОУ ВПО ОГИИ
_oсборник научных трудов
_tАктуальные проблемы истории, теории и методики современного музыкального искусства и образования
_vВып. 20
510 1 _aActual problems culture, art and art education
_zeng
711 1 2 _a"Актуальные проблемы современного искусствознания: векторы развития культуры, искусства и художественного образования в России", российская научно-практическая конференция
_d29
_eОренбург
_f2019
_9697133
_3RU\NLR\AUTH\880518188
711 1 2 _a"Актуальные проблемы современного искусствознания: музыка и театр", российская научно-практическая конференция
_d30
_eОренбург
_f2019
_9697136
_3RU\NLR\AUTH\880518189
711 1 2 _a"Культура, искусство и художественное образование Оренбуржья", вузовская научно-практическая конференция
_eОренбург
_f2019
_9697146
_3RU\NLR\AUTH\880518194
711 1 2 _a"Значение образовательной системы Царскосельского лицея для культурного пространства России", вузовская студенческая научно-практическая конференция
_eОренбург
_f2019
_9697150
_3RU\NLR\AUTH\880518196
711 1 2 _a"Камерно-вокальное творчество С. И. Танеева", вузовская студенческая научно-практическая конференция
_eОренбург
_f2019
_9697152
_3RU\NLR\AUTH\880518197
711 1 2 _a"Киноискусство в системе культуры", вузовская студенческая научно-практическая конференция
_eОренбург
_f2019
_9697154
_3RU\NLR\AUTH\880518198
711 1 2 _a"Режиссура отечественного театра второй половины XX - начала XXI века", вузовская студенческая научно-практическая конференция
_eОренбург
_f2019
_9697164
_3RU\NLR\AUTH\880518202
942 _cBOOK
980 _aNB